Juventud cubana: apuntes para un balance y expectativas a finales de la década del 80 /

Guardat en:
Dades bibliogràfiques
Autor principal: Ramos Lara, María Antonia
Altres autors: Fuente, Elena Socarrás de la
Format: Text
Publicat: s.l.: Centro de Estudios sobre la Juventud
Etiquetes: Afegir etiqueta
Sense etiquetes, Sigues el primer a etiquetar aquest registre!

MARC

LEADER 00000 a a2200000 04500
001 24020
003
040
090 |a 171000  
100 |a Ramos Lara, María Antonia  
245 |a Juventud cubana: apuntes para un balance y expectativas a finales de la década del 80 /  |c María Antonia Ramos Lara 
260 |a s.l.:   |b Centro de Estudios sobre la Juventud  
300 |a 12 p.  
700 |a Fuente, Elena Socarrás de la  
999 |c 7788  |d 7788